The payment of wage act. (Record no. 1018838)

MARC details
000 -LEADER
fixed length control field 00459nam a2200181Ia 4500
008 - FIXED-LENGTH DATA ELEMENTS--GENERAL INFORMATION
fixed length control field 151018s9999 xx 000 0 und d
082 ## - DEWEY DECIMAL CLASSIFICATION NUMBER
Item number RBASDV18174
Classification number 340
100 ## - MAIN ENTRY--PERSONAL NAME
Personal name A. S. Deshpande
245 ## - TITLE STATEMENT
Title The payment of wage act.
250 ## - EDITION STATEMENT
Remainder of edition statement 1
260 ## - PUBLICATION, DISTRIBUTION, ETC. (IMPRINT)
Name of publisher, distributor, etc A.S.Deshpande
Date of publication, distribution, etc 1967
300 ## - PHYSICAL DESCRIPTION
Extent 364
600 ## - SUBJECT ADDED ENTRY--PERSONAL NAME
Personal name A. S. Deshpande
630 ## - SUBJECT ADDED ENTRY--UNIFORM TITLE
Uniform title The payment of wage act.
700 ## - ADDED ENTRY--PERSONAL NAME
Personal name A. S. Deshpande
730 ## - ADDED ENTRY--UNIFORM TITLE
Uniform title The payment of wage act.
942 ## - ADDED ENTRY ELEMENTS (KOHA)
Koha item type Book
Holdings
Withdrawn status Lost status Damaged status Not for loan Home library Current library Date acquired Cost, normal purchase price Total Checkouts Full call number Barcode Date last seen Cost, replacement price Price effective from Koha item type
        R.B. Anant Shivaji Desai Vachanalaya and Granthalaya, Kudal R.B. Anant Shivaji Desai Vachanalaya and Granthalaya, Kudal 04/07/2009 25.00   RBASDV18174 RBASDV18174 10/18/2015 25.00 10/18/2015 Book